Актуальные проблемы развития экономики современной России (Запись № 347737)

Подробности
000 -МАРКЕР
контрольное поле 01566nam0a2200349 4500
001 - ИДЕНТИФИКАТОР ЗАПИСИ
контрольное поле RU\NLR\bibl\974474
005 - ИДЕНТИФИКАТОР ВЕРСИИ
контрольное поле 20260408064147.0
010 ## - МЕЖДУНАРОДНЫЙ СТАНДАРТНЫЙ НОМЕР КНИГИ (ISBN)
Номер (ISBN) 5-7253-1360-3
Тираж 100
021 ## - НОМЕР ГОСУДАРСТВЕННОЙ РЕГИСТРАЦИИ
Код страны Российская Федерация
Номер 2006-41358
Номер Листа государственной регистраци 2070
035 ## - ДРУГИЕ СИСТЕМНЫЕ НОМЕРА
Идентификатор записи (NLR Aleph) 000962403
100 ## - ДАННЫЕ ОБЩЕЙ ОБРАБОТКИ
Данные общей обработки 20060811d2006 |||y0rusy50 ca
101 0# - ЯЗЫК РЕСУРСА
Язык текста, звукозаписи и т.д. русский
102 ## - СТРАНА ПУБЛИКАЦИИ ИЛИ ПРОИЗВОДСТВА
Страна публикации Российская Федерация
105 ## - ПОЛЕ КОДИРОВАННЫХ ДАННЫХ: ТЕКСТОВЫЕ МАТЕРИАЛЫ, МОНОГРАФИЧЕСКИЕ
Кодированные данные о монографическом текстовом документе a |||||||||
200 1# - ЗАГЛАВИЕ И СВЕДЕНИЯ ОБ ОТВЕТСТВЕННОСТИ
Основное заглавие Актуальные проблемы развития экономики современной России
Сведения, относящиеся к заглавию сборник научных трудов
Первые сведения об ответственности Федер. агентство по образованию, Байк. гос. ун-т экономики и права
Последующие сведения об ответственности [отв. ред. А.Б. Каневский]
210 ## - ПУБЛИКАЦИЯ, РАСПРОСТРАНЕНИЕ И ДР.
Место издания, распространения и т.д. Иркутск
Имя издателя, распространителя и т. д. Изд-во БГУЭП
Дата издания, распространения и т.д. 2006
215 ## - ФИЗИЧЕСКАЯ ХАРАКТЕРИСТИКА
Специфическое обозначение материала и объем 183 с.
Другие сведения о физической характеристике ил.
Размеры 21
320 ## - ПРИМЕЧАНИЯ О НАЛИЧИИ В ДОКУМЕНТЕ БИБЛИОГРАФИИ / УКАЗАТЕЛЯ
Текст примечания Библиогр. в подстроч. прим.
606 1# - НАИМЕНОВАНИЕ ТЕМЫ КАК ПРЕДМЕТ
Наименование темы Экономика
Формальный подзаголовок Сборники
Системный номер авторитетной/нормативной записи 1414491
Идентификатор авторитетной/нормативной записи RU\NLR\auth\66284709
607 ## - ГЕОГРАФИЧЕСКОЕ НАИМЕНОВАНИЕ КАК ПРЕДМЕТ
Географическое наименование Российская Федерация
Формальный подзаголовок Сборники
Тематический подзаголовок Народное хозяйство
Системный номер авторитетной/нормативной записи 2106777
Идентификатор авторитетной/нормативной записи RU\NLR\auth\661273591
686 ## - ИНДЕКСЫ ДРУГИХ КЛАССИФИКАЦИЙ
Индекс У.я43
686 ## - ИНДЕКСЫ ДРУГИХ КЛАССИФИКАЦИЙ
Индекс У03(2Р)74я43
702 #1 - ИМЯ ЛИЦА - ВТОРИЧНАЯ ОТВЕТСТВЕННОСТЬ
Начальный элемент ввода Каневский
Часть имени, кроме начального элемента ввода А. Б.
Код отношения Редактор
711 02 - НАИМЕНОВАНИЕ ОРГАНИЗАЦИИ - АЛЬТЕРНАТИВНАЯ ОТВЕТСТВЕННОСТЬ
Код отношения Автор
Начальный элемент ввода Байкальский государственный университет экономики и права
Идентифицирующий признак Иркутск
Идентификатор авторитетной/нормативной записи RU\NLR\AUTH\8810041217
Системный номер авторитетной/нормативной записи 581665
801 #0 - ИСТОЧНИК ЗАПИСИ
Страна Российская Федерация
Организация NLR
Дата составления 20060811
Правила каталогизации rcr
801 #1 - ИСТОЧНИК ЗАПИСИ
Страна Российская Федерация
Организация NLR
Дата составления 20060811
830 ## - ОБЩЕЕ ПРИМЕЧАНИЕ, СОСТАВЛЕННОЕ КАТАЛОГИЗАТОРОМ
Текст примечания Ред. не раскрыть
942 ## - ДОПОЛНИТЕЛЬНЫЕ ЭЛЕМЕНТЫ ЗАПИСИ (АБИС)
Тип экземпляра АБИС Книга
980 ## - КОЛЛЕКЦИЯ
Название коллекции Национальная библиография
980 ## - КОЛЛЕКЦИЯ
Название коллекции НБР
Экземпляры
Тип экземпляра Дата поступления Источник поступления Библиотека постоянного хранения Библиотека текущего хранения Место хранения Шифр хранения Штрих-код Статус экземпляра
Книга 11.08.2006 Обязательный экземпляр РНБ (Московский) РНБ (Московский) Русский книжный фонд: издания с 1957 года 2006-3/21589 2241240  
Книга 11.08.2006 Обязательный экземпляр РНБ (Московский) РНБ (Московский) Русский книжный фонд: издания с 1957 года 2006-3/21589 2241243